00470nam a2200157Ia 450000500170000000800410001708200130005810000150007124500290008626000260011530000130014150000380015494200060019295200990019899900150029720250320133727.0240331s9999 xx 000 0 und d bNIRa894 aNirmala, S 0aThamil nadaka nadikaiyar aChennaibKaavyac2003 a289 p ., aA book of Tamil Nadaga Varalaaru cL 001040708LaWERCLbWERCLcSSCd2024-03-31l0o 894.811 NIRp1978r2024-03-31w2024-03-31yL c3792d3792